TB. OF EAR, NOSE, THROAT AND HEAT & NECK SURGERY (Record no. 14872)

MARC details
000 -LEADER
fixed length control field 00300nam a22001337a 4500
003 - CONTROL NUMBER IDENTIFIER
control field SGT
082 ## - DEWEY DECIMAL CLASSIFICATION NUMBER
Classification number 617.51
Item number E16H
100 ## - MAIN ENTRY--PERSONAL NAME
Personal name HAZARIKA, P.
245 ## - TITLE STATEMENT
Title TB. OF EAR, NOSE, THROAT AND HEAT & NECK SURGERY
250 ## - EDITION STATEMENT
Edition statement 3RD
260 ## - PUBLICATION, DISTRIBUTION, ETC. (IMPRINT)
Place of publication, distribution, etc INDIA
Name of publisher, distributor, etc CBS
Year of Publication 2016
300 ## - PAGE DESCRIPTION
No. of Pages 920
942 ## - ADDED ENTRY ELEMENTS (KOHA)
Source of classification or shelving scheme Dewey Decimal Classification
Koha item type Books
942 ## - ADDED ENTRY ELEMENTS (KOHA)
-- 14
Holdings
Withdrawn status Lost status Source of classification or shelving scheme Damaged status Not for loan Collection code Home library Current library Shelving location Date acquired Vendor Name SGTU Total Checkouts Full call number Accession No. (Barcode) Date last seen Date last borrowed Bill Date Koha item type
    Dewey Decimal Classification     MEDICAL SGT Medical Library SGT Medical Library Text Book 30/01/2018 ABC SGTU 11 617.51 E16H FM9741 28/02/2020 26/02/2020 30/01/2018 Books
    Dewey Decimal Classification     MEDICAL SGT Medical Library SGT Medical Library Text Book 30/01/2018 ABC SGTU 2 617.51 E16H FM9742 20/02/2024 20/02/2024 30/01/2018 Books
    Dewey Decimal Classification     MEDICAL SGT Medical Library SGT Medical Library Text Book 30/01/2018 ABC SGTU 5 617.51 E16H FM9743 23/05/2019 21/05/2019 30/01/2018 Books
    Dewey Decimal Classification     MEDICAL SGT Medical Library SGT Medical Library Text Book 30/01/2018 ABC SGTU 2 617.51 E16H FM9744 26/08/2022 24/06/2022 30/01/2018 Books
    Dewey Decimal Classification     MEDICAL SGT Medical Library SGT Medical Library Text Book 30/01/2018 ABC SGTU 8 617.51 E16H FM9745 29/09/2022 29/09/2022 30/01/2018 Books
    Dewey Decimal Classification     MEDICAL SGT Medical Library SGT Medical Library Text Book 30/01/2018 ABC SGTU 10 617.51 E16H FM9746 20/08/2021 05/08/2021 30/01/2018 Books
    Dewey Decimal Classification     MEDICAL SGT Medical Library SGT Medical Library Text Book 30/01/2018 ABC SGTU 8 617.51 E16H FM9747 30/05/2025 30/05/2025 30/01/2018 Books
    Dewey Decimal Classification     MEDICAL SGT Medical Library SGT Medical Library Text Book 30/01/2018 ABC SGTU 3 617.51 E16H FM9748 07/07/2022 01/07/2022 30/01/2018 Books
    Dewey Decimal Classification     MEDICAL SGT Medical Library SGT Medical Library Text Book 30/01/2018 ABC SGTU 1 617.51 E16H FM9749 03/04/2018 19/03/2018 30/01/2018 Books
    Dewey Decimal Classification     MEDICAL SGT Medical Library SGT Medical Library Text Book 30/01/2018 ABC SGTU 17 617.51 E16H FM9750 03/08/2024 03/08/2024 30/01/2018 Books